01018cam a22002775a 4500001001000000003000400010005001700014008004100031020002600072040003600098082002400134100002900158245006600187246003500253250001300288260004700301300004000348500002400388504004300412650004300455650003900498653003300537942000800570999001700578952014500595016515872OSt20160117155504.0130821t2014 moua frb 001 0 eng d a9781455740062 (pbk.)  aStDuBDSbengcStDuBDSdEG-ScBUE04a636.089696222bBOW1 aBowman, Dwight D.93906510aGeorgis' parasitology for veterinarians / cDwight D. Bowman.30aParasitology for veterinarians a10th ed. aSt. Louis : bElsevier Saunders, cc.2014. axi, 477 p. :bill. (col.) ;c28 cm. aIndex : p. 451-477. aIncludes bibliographical references.  7aVeterinary parasitology.2BUEsh939066 7aVeterinary medicine.2BUEsh939067 bPPhrmcJuly2015cJanuary2016 2ddc c20190d20162 00102ddc40708BaccahaMAINbMAINc1STd2015-07-05ePurchaseg640.00h22353l0o636.089696 BOWp000039432r2025-07-15 00:00:00v800.00yBB